00919nam a22002657a 45000010005000000030006000050050017000110080041000280200018000690400030000870500016001170820011001331000026001442450095001702500028002652600048002933000049003414900022003905050008004125200131004205210020005515210020005716500031005917000031006229387FISKH20251217152700.0251217b cb ||||| |||| 00| 0 eng d a9780746074824 aFISKHbeng cFISKHdFISKH a QE521 .T87 a551.21 aTurnbull , Stephanie  aVolcanoes /cStephanie Turnbull : Designed by Nancy Leshinkoff : Illustrated by Andy Tudor aFirst published in 2005 aLondon :bUsborne Publishing Ltd., c2007 . a 32 pages : bcolor illustrations ; c21 cm. aUsborne beginners aW  aText and pictures describe many aspect of volcanoes including eruptions, lava rivers, ash clouds, steaming springs, and more. 8 a870 bLexile 8 aW bRaz-Plus  aEarth sciencevNon-fiction aTudor , AndyeIllustrator